000 00662nam a22001937a 4500
005 2010072600060.0
010 _aENG-96518
020 _a9788128821370
_c150.00
035 _aEN-80051
037 _bDBAD/PUB
082 _a230.51
100 _aKrishnanand
_91383
245 _aThe Path Of Enlightement /
_cby Krishnanand
260 _aNew Delhi
_bDiamond Books
_cN.D
270 _aX-30, Okhla Industrial Area, Phase 2
_bNew Delhi
300 _a246p.
_c22 cm (pbk)
942 _2ddc
_cEN
_h230.51
_mKRI
999 _c37634
_d37634